منهجية إعداد اببحث العلمي بكالوريوس ... ماجستير ... دكتوراة / (رقم التسجيلة. 116091)

تفاصيل مارك
000 -LEADER
fixed length control field 00535nam a22001697a 4500
005 - DATE AND TIME OF LATEST TRANSACTION
control field 20251108174717.0
008 - FIXED-LENGTH DATA ELEMENTS--GENERAL INFORMATION
fixed length control field 250721s2008 xx 000 0 ara d
082 14 - DEWEY DECIMAL CLASSIFICATION NUMBER
Classification number 001.42/عنا
100 1# - MAIN ENTRY--PERSONAL NAME
Personal name عناية، غازي
245 10 - TITLE STATEMENT
Title منهجية إعداد اببحث العلمي بكالوريوس ... ماجستير ... دكتوراة /
264 1# - PRODUCTION, PUBLICATION, DISTRIBUTION, MANUFACTURE, AND COPYRIGHT NOTICE
Place of production, publication, distribution, manufacture عمان :
Name of producer, publisher, distributor, manufacturer دار المناهج،
Date of production, publication, distribution, manufacture, or copyright notice 2008.
300 ## - PHYSICAL DESCRIPTION
Extent 266ص.
650 17 - SUBJECT ADDED ENTRY--TOPICAL TERM
Topical term or geographic name as entry element الابحاث
650 17 - SUBJECT ADDED ENTRY--TOPICAL TERM
Topical term or geographic name as entry element الاسلوب العلمي
942 ## - ADDED ENTRY ELEMENTS (KOHA)
Source of classification or shelving scheme Dewey Decimal Classification
Koha item type كتب
المقتنيات
حالة السحب حالة الفقدان مصدر التصنيف حالة التلف غير قابل للإعارة المكتبة الرئيسية المكتبة الحالية موقع الرف تاريخ التزويد الرقم المتسلسل Total Checkouts رقم الإستدعاء تاريخ آخر ظهور تاريخ الفاتورة نوع المادة (كوها) الباركود
    Dewey Decimal Classification     المكتبة المركزية المكتبة المركزية مقتنيات قسم التزويد 28/07/2025 1252669   001.42/عنا 28/07/2025 28/07/2025 كتب  
    Dewey Decimal Classification     المكتبة المركزية المكتبة المركزية مقتنيات قسم التزويد 28/07/2025 1252670   001.42/عنا 28/07/2025 28/07/2025 كتب  
    Dewey Decimal Classification     مكتبة أبو علندا العامة مكتبة أبو علندا العامة الإعارة 31/01/2009 1252671   001.42/عنا 28/07/2025 31/01/2009 كتب PLD00069067
    Dewey Decimal Classification     مكتبة أم قصير والمقابلين العامة مكتبة أم قصير والمقابلين العامة الإعارة 31/01/2009 1252680   001.42/عنا 28/07/2025 31/01/2009 كتب PLD00069076
    Dewey Decimal Classification     مكتبة الأميرة ايمان العامة مكتبة الأميرة ايمان العامة الإعارة 31/01/2009 1252672   001.42/عنا 28/07/2025 31/01/2009 كتب PLD00069068
    Dewey Decimal Classification     مكتبة الاميرة بديعة مكتبة الاميرة بديعة الإعارة 31/01/2009 1252673   001.42/عنا 28/07/2025 31/01/2009 كتب PLD00069069
    Dewey Decimal Classification     مكتبة الجويدة مكتبة الجويدة الإعارة 31/01/2009 1252674   001.42/عنا 28/07/2025 31/01/2009 كتب PLD00069070
    Dewey Decimal Classification     مكتبة النصر العامة مكتبة النصر العامة الإعارة 31/01/2009 1252675   001.42/عنا 28/07/2025 31/01/2009 كتب PLD00069071
    Dewey Decimal Classification     مكتبة مرج الحمام مكتبة مرج الحمام الإعارة 31/01/2009 1252682   001.42/عنا 28/07/2025 31/01/2009 كتب PLD00069078
    Dewey Decimal Classification     مكتبة وادي السير العامة مكتبة وادي السير العامة الإعارة 31/01/2009 1252684   001.42/عنا 28/07/2025 31/01/2009 كتب PLD00069080
Implemented & Customized by: BBB with SCIT (Smart Chains for Information Technology)

Powered by Koha